Constructing knowledge: Authority and critique in social science (Record no. 1379510)

MARC details
000 -LEADER
fixed length control field 00647nam a2200217Ia 4500
005 - DATE AND TIME OF LATEST TRANSACTION
control field 20250508162931.0
008 - FIXED-LENGTH DATA ELEMENTS--GENERAL INFORMATION
fixed length control field 008 250505s9999 xx 000 0 eng d
037 ## - SOURCE OF ACQUISITION
Stock number Textual
040 ## - CATALOGING SOURCE
Original cataloging agency FEDL
Language of cataloging eng
Transcribing agency FEDL
041 ## - LANGUAGE CODE
Language code of text/sound track or separate title eng
Source of code eng
084 ## - COLON CLASSIFICATION NUMBER
Classification number 301, NEN
Assigning agency FEDL
100 ## - MAIN ENTRY--PERSONAL NAME
Personal name Nencel Lorraine Ed.
9 (RLIN) 774435
245 #0 - TITLE STATEMENT
Title Constructing knowledge: Authority and critique in social science
260 ## - PUBLICATION, DISTRIBUTION, ETC.
Place of publication, distribution, etc. London, UK
Name of publisher, distributor, etc. Sage Publications
Date of publication, distribution, etc. 1991
300 ## - PHYSICAL DESCRIPTION
Extent xvi,224p
490 ## - SERIES STATEMENT
Series statement Inquiries in social construction
650 ## - SUBJECT ADDED ENTRY--TOPICAL TERM
Topical term or geographic name entry element Sociology
700 ## - ADDED ENTRY--PERSONAL NAME
Personal name Pels Peter Ed.
9 (RLIN) 774436
942 ## - ADDED ENTRY ELEMENTS (KOHA)
Koha item type Textual
Classification part 301, NEN
Holdings
Withdrawn status Lost status Damaged status Not for loan Home library Current library Date acquired Total Checkouts Full call number Barcode Date last seen Price effective from Koha item type
        Department of Education Library Department of Education Library 2025-05-08   301, NEN EL0072520 2025-05-08 2025-05-08 Textual
Copyright @ Delhi University Library System